La odisea constitucional: constitución, teoría y método

Gespeichert in:
Bibliographische Detailangaben
1. Verfasser: Mendoca, Daniel
Weitere Verfasser: Guibourg, Ricardo A
Format: Unbekannt
Sprache:Englisch
Spanisch
Veröffentlicht: Madrid Marcial Pons 2004
Ausgabe:Primera edición
Schriftenreihe:Colección Filosofía y Derecho
Schlagworte:
Tags: Tag hinzufügen
Keine Tags, Fügen Sie den ersten Tag hinzu!

MARC

LEADER 00000 a2200000 4500
003 CL-VaPUC
005 20210402001825.0
008 200116b ||||| |||| 00| 0 eng d
999 |c 376085  |d 376083 
020 |a 8497681754 
040 |c Pontificia Universidad Católica de Valparaíso 
041 0 |a spa 
082 |a 342 MEN 2004 
100 1 |a Mendoca, Daniel  |9 604998 
245 1 3 |a La odisea constitucional:  |b  constitución, teoría y método 
250 |a Primera edición 
260 3 |b Marcial Pons  |c 2004  |a Madrid 
300 |a 222 p 
490 0 0 |a Colección Filosofía y Derecho 
505 0 |a Capítulo I. Introducción. Capítulo II. El derecho constitucional y la dogmática jurídica. Capítulo III. Las fuentes del derecho constitucional. Capítulo IV. Esa cosa llamada constitución. Cápitulo V. En busca del significado. Capítulo VI. Más allá del texto. Capítulo VII. Usar la constitución, controlar la ley. Capítulo VIII. A favor del precedente constitucional. Capítulo IX. La constitución: abordajes, tempestades y naufragios. Bibliografía. 
583 |k Hugo Gaete  |c 20200116 
650 0 0 |a Derecho constitucional   |9 222588 
650 0 0 |a Fuentes del derecho   |9 255162 
700 |a Guibourg, Ricardo A  |9 608543 
942 |2 ddc  |c BK 
952 |0 0  |1 0  |2 ddc  |4 0  |6 342_000000000000000_MEN_2004  |7 0  |9 495259  |a BIBDER  |b BIBDER  |d 2019-12-27  |e 36  |g 16939.00  |i 5568706  |o 342 MEN 2004  |p 5568706  |r 2023-01-25  |t 1  |v 16939.00  |w 2019-12-27  |y BK  |k DER